Ενοχικόν δίκαιον : κατά τον κώδικα : γενικόν μέρος
Αποθηκεύτηκε σε:
| Κύριος συγγραφέας: | |
|---|---|
| Μορφή: | Βιβλίο |
| Γλώσσα: | Greek |
| Δημοσίευση: |
Αθήνα :
Αφοι Π. Σάκκουλα,
1969
|
| Έκδοση: | 3η έκδ., βελτ. |
| Θέματα: | |
| Ετικέτες: |
Προσθήκη ετικέτας
Δεν υπάρχουν, Καταχωρήστε ετικέτα πρώτοι!
|
MARC
| LEADER | 00000nam a2200000 i 4500 | ||
|---|---|---|---|
| 001 | 1/57271 | ||
| 008 | 020111r1969 gre d | ||
| 035 | |l 10000132 | ||
| 040 | |a GR-MY-UA |b gre |e aacr | ||
| 041 | 0 | |a gre | |
| 082 | 0 | |a 346.02 | |
| 100 | 1 | |a Μπαλής, Γεώργιος Α. | |
| 245 | 1 | 0 | |a Ενοχικόν δίκαιον : |b κατά τον κώδικα : γενικόν μέρος / |c Γεώργιος Α. Μπαλής |
| 250 | |a 3η έκδ., βελτ. | ||
| 260 | |a Αθήνα : |b Αφοι Π. Σάκκουλα, |c 1969 | ||
| 300 | |a 594 σ. | ||
| 650 | 0 | 0 | |a Obligations (Law) |z Greece. |
| 852 | |a INST |b CHIOS |e 20020111 |h 346.02 ΜΠΑ |p 005200020658 |q 005200020658 |t BK |y 0 | ||
| 901 | |a BIBL2-2001-3 | ||
| 909 | |a Χ |b 098353 | ||
| 920 | |a ΣΠΟΥΔΑΣΤΗΡΙΟ ΕΜΠΟΡΙΚΟΥ ΚΑΙ ΝΑΥΤΙΚΟΥ ΔΙΚΑΙΟΥ |y ΧΙΟΣ |z 2001-11 | ||
| 970 | |a ΣΠΕΝΤΖΑ |b ΕΛΕΝΗ |z 2002/01/11 | ||